| 000 | 00350nam a22001217a 4500 | ||
|---|---|---|---|
| 999 |
_c4497 _d4497 |
||
| 008 | 250225b ||||| |||| 00| 0 eng d | ||
| 020 | _a9780330512299 | ||
| 082 | _a823.92 MOR | ||
| 100 |
_aMORGAN,MICHAELA _eAUTHOR |
||
| 245 | _aNEVER SHAKE A RATTLESNAKE | ||
| 260 |
_a20 NEW WHARF ROAD,LONDON N1 9RR _bMACMILLAN'S CHILDREN'S BOOKS _c2011 |
||
| 942 | _2ddc | ||